000 00306nam a2200133Ia 4500
005 20260326235451.0
008 260326s9999||||xx |||||||||||||| ||und||
100 _aRouillard, Patrick
245 0 _aColombia /
_cPatrick Rouillard
260 _bColima
300 _a240 p.
650 _aCOLOMBIA
942 _cBK
999 _c7783
_d7783